000 00293 a2200109 4500
999 _c13317
_d13317
008 250520b ||||| |||| 00| 0 eng d
020 _a9788494717949
100 _a Norman Foster Foundation(editor)
245 _aDESIGNS AND CONCEPTS
260 _bNorman Foster Foundation
_c2021
942 _2ddc